[Event "Cup Dvorkovich (juniors) (team)"]
[Site "masterchessopen.com – Moscow (Russia)"]
[Date "2009.06.25"]
[Round "9"]
[White "Vardanian Haik G (ARM)"]
[Black "Kovalev Vladislav (BLR)"]
[Result "0-1"]
[WhiteElo "2300"]
[BlackElo "2307"]

1.e4 e5 2.Nf3 Nc6 3.Bb5 a6 4.Ba4 Nf6 5.O-O Be7 6.Re1 b5 7.Bb3 d6 8.c3 O-O 9.h3
Nb8 10.d3 Nbd7 11.Nbd2 Bb7 12.Nf1 Nc5 13.Bc2 Re8 14.Ng3 Bf8 15.b4 Ncd7 16.a4
g6 17.d4 c5 18.bxc5 dxc5 19.dxe5 Nxe5 20.Bg5 Qxd1 21.Rexd1 Nxf3+ 22.gxf3 Bg7
23.Rd6 Re6 24.Rad1 Rxd6 25.Rxd6 Ne8 26.Rb6 Bc8 27.axb5 Bxc3 28.bxa6 Bxa6
29.Ba4 Bc4 30.Bc6 Rc8 31.Bd5 Ba5 32.Rb7 Bxd5 33.exd5 f5 34.Ne2 Bd8 35.Bf4 Bc7
36.Kf1 c4 37.Ke1 Ba5+ 38.Kd1 Rc5 39.d6 Nxd6 40.Kc2 Nxb7 {#R} 0-1

[Event "Ch Belgium"]
[Site "masterchessopen.com – Namur (Belgium)"]
[Date "2009.07.10"]
[Round "7"]
[White "Dgebuadze Alexandre (BEL)"]
[Black "Vandevoort Pascal (BEL)"]
[Result "1-0"]
[WhiteElo "2516"]
[BlackElo "2358"]

1.e4 e5 2.Nf3 Nc6 3.Bb5 a6 4.Ba4 Nf6 5.O-O Be7 6.Re1 b5 7.Bb3 d6 8.c3 O-O 9.h3
Nb8 10.d3 c5 11.Nbd2 Nc6 12.Nf1 Be6 13.Ne3 Bxb3 14.Qxb3 Qd7 15.a4 Rab8 16.axb5
axb5 17.Nf5 Bd8 18.Bg5 Nh5 19.Qd5 g6 20.Bxd8 gxf5 21.Bg5 Kh8 22.Ra6 Rbc8
23.exf5 Rg8 24.g4 h6 25.Nxe5 Nxe5 26.Rxd6 Nf3+ 27.Kf1 Qc7 28.Rxh6+ {#r} 1-0

[Event "It (open)"]
[Site "masterchessopen.com – Charleroi (Belgium)"]
[Date "2009.07.27"]
[Round "4"]
[White "Dgebuadze Alexandre (BEL)"]
[Black "Hetey Laszlo (GER)"]
[Result "1-0"]
[WhiteElo "2516"]
[BlackElo "2352"]

1.e4 e5 2.Nf3 Nc6 3.Bb5 a6 4.Ba4 Nf6 5.O-O Be7 6.Re1 b5 7.Bb3 d6 8.c3 O-O 9.h3
Nb8 10.d3 Nbd7 11.Nbd2 Bb7 12.Nf1 Nc5 13.Bc2 Re8 14.Ng3 g6 15.d4 Ncd7 16.Bg5
c6 17.Qd2 Qc7 18.Rad1 a5 19.Bh6 Nf8 20.Nf5 gxf5 21.exf5 Nd5 22.dxe5 dxe5
23.Nxe5 f6 24.Re4 fxe5 25.Rg4+ Ng6 26.fxg6 Bf6 27.Qd3 e4 28.Rxe4 Bg7 29.gxh7+
Kh8 30.Bxg7+ Qxg7 31.Rg4 Qe7 32.Qg6 Nf6 33.Rf4 Rf8 34.Rd3 Qg7 35.Qxg7+ Kxg7
36.h8=Q+ Rxh8 37.Rg3+ Kf7 38.Rg6 {#r} 1-0

[Event "Ch Greece (w)"]
[Site "masterchessopen.com – Katakolo (Greece)"]
[Date "2009.12.11"]
[Round "7"]
[White "Makropoulou Marina (GRE)"]
[Black "Kouvatsou Maria (GRE)"]
[Result "0-1"]
[WhiteElo "2245"]
[BlackElo "2156"]

1.e4 e5 2.Nf3 Nc6 3.Bb5 a6 4.Ba4 Nf6 5.O-O Be7 6.Re1 b5 7.Bb3 d6 8.c3 O-O 9.h3
Nb8 10.d3 c5 11.Nbd2 Qc7 12.Nf1 Bb7 13.Ng3 Re8 14.d4 c4 15.Bc2 Nbd7 16.Be3 Bf8
17.d5 a5 18.Nh2 b4 19.Nf5 b3 20.axb3 cxb3 21.Bxb3 Nxe4 22.Qg4 Ndf6 23.Qh4 Bc8
24.Ng3 Nxg3 25.fxg3 Bf5 26.g4 Bg6 27.g5 Nd7 28.Ba4 Reb8 29.Bc6 Ra6 30.b4 Bd3
31.Rxa5 Rxa5 32.bxa5 Nc5 33.Ng4 Qxa5 34.Nf2 Qxc3 35.Rc1 Rb1 36.Rxb1 Bxb1
37.Bxc5 dxc5 38.Ng4 e4 39.Qf2 Bd3 40.g3 Qc1+ 41.Kg2 Qxg5 42.Ne3 h5 43.Be8 Qe7
44.Ba4 g6 45.Bb3 Qb7 46.Qa2 Bh6 47.Kf2 Qb6 48.Nc4 Qf6+ 49.Kg2 Qf1+ 50.Kh2 Be2
{#R} 0-1

[Event "It (open) \"]
[Site "masterchessopen.com – Krakow (Poland)"]
[Date "2009.12.28"]
[Round "2"]
[White "Pietruszewski Marcin (POL)"]
[Black "Warakomska Anna (POL)"]
[Result "0-1"]
[WhiteElo "2037"]
[BlackElo "2193"]

1.e4 e5 2.Nf3 Nc6 3.Bb5 a6 4.Ba4 Nf6 5.O-O Be7 6.Re1 b5 7.Bb3 d6 8.c3 O-O 9.h3
Nb8 10.d3 Nbd7 11.Nbd2 Bb7 12.Nf1 h6 13.Ng3 Re8 14.Bc2 c5 15.d4 Bf8 16.d5 c4
17.Be3 Nc5 18.Qe2 Qc7 19.Nh2 a5 20.Rf1 b4 21.Rae1 Ba6 22.Qd2 b3 23.Bb1 bxa2
24.Bxa2 Ncxe4 25.Nxe4 Nxe4 26.Qc2 Nf6 27.Bb1 g6 28.Ng4 Nxg4 29.hxg4 Rab8
30.Bc1 Rb5 31.Qd2 Bc8 32.g5 h5 33.Be4 Bb7 34.Qc2 Ra8 35.Qa4 Ba6 36.f4 exf4
37.Rxf4 Bg7 38.Ref1 Rf8 39.Rf6 Bxf6 40.gxf6 Rxd5 41.Bxg6 fxg6 42.f7+ Kg7
43.Qe8 Qc8 44.Qe7 Re5 45.Qf6+ Kh7 46.Qf4 g5 47.Qf3 Qg4 48.Qf6 Bb7 {#R} 0-1

[Event "Memorial Kirov (open)"]
[Site "masterchessopen.com – Blagoevgrad (Bulgaria)"]
[Date "2010.01.11"]
[Round "1"]
[White "Janev Evgeni (BUL)"]
[Black "Karadimov Marin (BUL)"]
[Result "1-0"]
[WhiteElo "2490"]
[BlackElo "2055"]

1.e4 e5 2.Nf3 Nc6 3.Bb5 a6 4.Ba4 Nf6 5.O-O Be7 6.Re1 b5 7.Bb3 O-O 8.h3 d6 9.c3
Nb8 10.d3 Nbd7 11.Nbd2 Nc5 12.Bc2 Re8 13.d4 Ncd7 14.d5 Bb7 15.Nf1 c6 16.dxc6
Bxc6 17.Ng3 Qc7 18.Nf5 Bf8 19.Ng5 h6 20.Nf3 Nc5 21.Nd2 g6 22.Ne3 Qb7 23.Ng4
Nh5 24.b4 Ne6 25.Nb3 Kh7 26.Na5 Qc7 27.Qf3 Ra7 28.Be3 Ng5 29.Bxg5 hxg5 30.Qe3
Bd7 31.Bb3 Bxg4 32.hxg4 Nf6 33.Qxg5 Kg7 34.Rac1 Be7 35.c4 Qb6 36.cxb5 Qxb5
37.Nc6 Rc7 38.Nd4 Rxc1 39.Nf5+ Kg8 40.Qxg6+ {#r} 1-0

[Event "Ch Germany"]
[Site "masterchessopen.com – Bad Liebenzell (Germany)"]
[Date "2010.03.11"]
[Round "7"]
[White "Namyslo Holger (GER)"]
[Black "Hirneise Jens (GER)"]
[Result "0-1"]
[WhiteElo "2269"]
[BlackElo "2298"]

1.e4 e5 2.Nf3 Nc6 3.Bb5 a6 4.Ba4 Nf6 5.O-O b5 6.Bb3 Be7 7.Re1 d6 8.c3 O-O 9.h3
Nb8 10.d3 Nbd7 11.Nbd2 h6 12.Nf1 Nh7 13.Be3 Bg5 14.Bd5 Bxe3 15.Bxa8 Bb6 16.Bd5
Ndf6 17.Bb3 Nh5 18.d4 Nf4 19.Ne3 Ng5 20.Nf5 Qf6 21.Bc2 Ngxh3+ 22.gxh3 Qg6+
23.Ng3 Qe6 24.Re3 Nxh3+ 25.Kf1 Nf4 26.Ng1 exd4 27.cxd4 Qc4+ 28.Bd3 Qxd4 29.Nf5
Bxf5 30.exf5 Qxb2 31.Rb1 Qxa2 32.Rf3 Nxd3 33.Qxd3 Re8 34.Nh3 Re5 35.Rd1 Qc4
36.Qxc4 bxc4 37.Re1 f6 38.Rxe5 fxe5 39.Ng1 Kf7 40.Ne2 d5 41.Ng3 e4 42.Ra3 a5
43.Nh5 d4 44.Ng3 Kf6 45.Nxe4+ Kxf5 46.Nd2 c3 47.Nc4 c2 48.Ra1 d3 49.Ke1 Bd4
50.Rxa5+ Kf4 51.Kd2 Bc3+ 52.Kc1 Bxa5 53.Nxa5 h5 54.Nb3 Kf3 55.Kd2 Kxf2 56.Nc5
c1=Q+ 57.Kxc1 Ke2 58.Nb3 Ke1 59.Nd2 Ke2 60.Ne4 h4 61.Nc3+ Ke1 62.Nb1 h3 63.Nd2
Ke2 64.Ne4 d2+ {#R} 0-1

[Event "Match \"]
[Site "masterchessopen.com – Ningbo (China)"]
[Date "2010.08.07"]
[Round "3"]
[White "Ding Yixin (CHN)"]
[Black "Kashlinskaya Alina (RUS)"]
[Result "0-1"]
[WhiteElo "2379"]
[BlackElo "2358"]

1.e4 e5 2.Nf3 Nc6 3.Bb5 a6 4.Ba4 Nf6 5.O-O Be7 6.Re1 b5 7.Bb3 d6 8.c3 O-O 9.h3
Nb8 10.d3 Nbd7 11.Nbd2 Bb7 12.Bc2 Re8 13.Nf1 Bf8 14.Ng3 g6 15.Be3 d5 16.Qc1
Bg7 17.Bh6 Bh8 18.Bg5 c5 19.h4 Qc7 20.h5 c4 21.hxg6 hxg6 22.exd5 cxd3 23.Bxd3
Nc5 24.Be2 Nxd5 25.Qc2 e4 26.Nh2 e3 27.Nhf1 exf2+ 28.Kxf2 Ne6 29.Qd2 Nxg5
30.Qxg5 Qb6+ {#R} 0-1

[Event "Cup Governor's (juniors)"]
[Site "masterchessopen.com – Satka (Russia)"]
[Date "2010.08.16"]
[Round "1"]
[White "Lepkasov Vladislav (RUS)"]
[Black "Makarenko Alexandra (RUS)"]
[Result "0-1"]
[WhiteElo "2126"]
[BlackElo "1918"]

1.e4 e5 2.Nf3 Nc6 3.Bb5 a6 4.Ba4 Nf6 5.O-O Be7 6.Re1 b5 7.Bb3 O-O 8.h3 d6 9.c3
Nb8 10.d3 Nbd7 11.Nbd2 Nc5 12.Bc2 Re8 13.Nf1 Bf8 14.Ng3 g6 15.Bg5 Ne6 16.Bd2
c5 17.Nh2 h5 18.Qf3 Bb7 19.Bb3 h4 20.Ngf1 c4 21.dxc4 Nxe4 22.cxb5 axb5 23.Ng4
f5 24.Nh6+ Kh7 25.Nxf5 N4c5 26.Qg4 Nxb3 27.Nxh4 Nxa1 28.Qxg6+ Kh8 29.Nf5 Qd7
30.N1g3 Qh7 31.Qf6+ Bg7 32.Qf7 Bd5 33.Ne7 Rxe7 34.Qxe7 Nc2 35.Rc1 Bxa2 36.Qxd6
Rd8 37.Qa6 Bc4 38.b3 Rxd2 39.bxc4 bxc4 40.Qxc4 Nf4 41.Qc8+ Qg8 42.Qg4 Qd5
43.Nf1 Ne2+ 44.Kh2 Nxc1 45.Qh5+ Kg8 46.Qe8+ Kh7 47.Qh5+ Bh6 48.Nxd2 Qxd2
49.Qf5+ Kg8 50.Qc8+ Kf7 51.Qf5+ Ke7 {#R} 0-1

[Event "It (cat.6)"]
[Site "masterchessopen.com – Brasschaat (Belgium)"]
[Date "2010.08.20"]
[Round "7"]
[White "Roose Jan (BEL)"]
[Black "Hetey Laszlo (GER)"]
[Result "1-0"]
[WhiteElo "2288"]
[BlackElo "2339"]

1.e4 e5 2.Nf3 Nc6 3.Bb5 a6 4.Ba4 Nf6 5.O-O Be7 6.Re1 b5 7.Bb3 d6 8.c3 O-O 9.h3
Nb8 10.d3 Nbd7 11.Nbd2 Bb7 12.Nf1 a5 13.Ng3 a4 14.Bc2 g6 15.d4 Re8 16.Bg5 c5
17.Qd2 Qc7 18.Bd3 Qb6 19.Bf1 Bf8 20.d5 Kh8 21.h4 Ng8 22.h5 Bc8 23.hxg6 hxg6
24.Nh2 f6 25.Be3 Qb7 26.Qe2 Rb8 27.Qg4 Kg7 28.Nf5+ Kf7 29.Nh4 Ne7 30.Qe6+ Kg7
31.Ng4 g5 32.Nf5+ Nxf5 33.Qxe8 Nh4 34.Qh5 Be7 35.Qh6+ Kf7 36.Be2 Nf8 37.Qh5+
Nhg6 38.Nh6+ Ke8 39.Bg4 Bxg4 40.Qxg4 b4 41.c4 b3 42.Qd1 Qb4 43.axb3 axb3
44.Qd3 Nf4 45.Bxf4 exf4 46.Rec1 Ng6 47.Qh3 Ne5 48.Qe6 Qb7 49.Ng8 Kf8 50.Nxf6
Kg7 51.Ng4 Nxg4 52.Qxg4 Bf6 53.e5 dxe5 54.Qe6 e4 55.Ra6 Qf7 56.Qd6 Re8 57.Qxc5
e3 58.Ra7 Re7 59.Rxe7 Bxe7 60.d6 Bf6 61.fxe3 Qe6 62.exf4 Qe4 63.Rd1 gxf4 64.d7
f3 65.Qf2 Bd8 66.gxf3 Qf5 67.Rd5 Qc2 68.Qd4+ Kf7 69.Qf4+ Bf6 70.Qxf6+ Kxf6
71.d8=Q+ {#r} 1-0

[Event "Olympiad (w)"]
[Site "masterchessopen.com – Khanty Mansyisk (Russia)"]
[Date "2010.09.22"]
[Round "2"]
[White "Kadziolka Beata (POL)"]
[Black "Gerasimova Olga (RUS)"]
[Result "1-0"]
[WhiteElo "2295"]
[BlackElo "2218"]

1.e4 e5 2.Nf3 Nc6 3.Bb5 a6 4.Ba4 Nf6 5.O-O b5 6.Bb3 Be7 7.Re1 d6 8.c3 O-O 9.h3
Nb8 10.d3 Nbd7 11.Nbd2 Bb7 12.Nf1 c5 13.Ng3 Qc7 14.Nf5 Rfe8 15.Bxf7+ Kxf7
16.Ng5+ Kg8 17.Ne6 Qc6 18.Nexg7 Bf8 19.Nxe8 Rxe8 20.Re3 d5 21.exd5 Qxd5
22.Rg3+ Kh8 23.Bh6 Bxh6 24.Nxh6 Nf8 25.Qf3 N6d7 26.Qf5 e4 27.c4 Qxf5 28.Rg8#
1-0

[Event "Ch Kuzbass"]
[Site "masterchessopen.com – Kemerovo (Russia)"]
[Date "2010.10.29"]
[Round "8"]
[White "Chigaev Maksim (RUS)"]
[Black "Sitnikov Dmitrij (RUS)"]
[Result "0-1"]
[WhiteElo "2266"]
[BlackElo "2436"]

1.e4 e5 2.Nf3 Nc6 3.Bb5 a6 4.Ba4 Nf6 5.O-O Be7 6.Re1 b5 7.Bb3 d6 8.c3 O-O 9.h3
Nb8 10.d3 Nbd7 11.Nbd2 Bb7 12.Nf1 Nc5 13.Bc2 Re8 14.Ng3 Bf8 15.Nh2 d5 16.Ng4
Nxg4 17.Qxg4 dxe4 18.dxe4 Qf6 19.Nf5 Qg6 20.Qf3 Rad8 21.h4 Kh8 22.h5 Qf6
23.Qg4 h6 24.Re3 Ne6 25.Rg3 Nf4 26.Be3 c5 27.Re1 c4 28.Bc1 Bc8 29.Qf3 Nd3
30.Bxd3 Rxd3 31.Be3 Red8 32.Qg4 Kh7 33.Rh3 a5 34.Rf1 b4 35.Rc1 Be6 36.Re1 R8d7
37.Rc1 a4 38.Rf3 a3 39.bxa3 b3 40.axb3 cxb3 41.Kh2 Bxa3 42.Rb1 b2 43.Rg3 Bxf5
44.exf5 Rxc3 45.Qa4 Rdc7 46.Qa5 Qxf5 47.Bxh6 Qxh5+ 48.Rh3 Rxh3+ 49.gxh3 Rc1
50.Qxa3 Rxb1 51.Qd3+ Qg6 {#R} 0-1

[Event "Ch World (blitz)"]
[Site "masterchessopen.com – Moscow (Russia)"]
[Date "2010.11.16"]
[Round "6"]
[White "Vachier-Lagrave Maxime (FRA)"]
[Black "Caruana Fabiano (ITA)"]
[Result "1-0"]
[WhiteElo "2721"]
[BlackElo "2700"]

1.e4 e5 2.Nf3 Nc6 3.Bb5 a6 4.Ba4 Nf6 5.O-O Be7 6.Re1 b5 7.Bb3 d6 8.c3 O-O 9.h3
Nb8 10.d3 Bb7 11.Nbd2 Nbd7 12.Nf1 Nc5 13.Bc2 Re8 14.N3h2 d5 15.Qf3 Qd7 16.Ng3
Rad8 17.Ng4 Bf8 18.Bg5 {#r} 1-0

[Event "Ch USA (amateur) (team) East"]
[Site "masterchessopen.com – Parsippany (USA)"]
[Date "2011.02.21"]
[Round "5"]
[White "Katz Benjamin (USA)"]
[Black "Radomskyj Peter (USA)"]
[Result "0-1"]
[WhiteElo "2088"]
[BlackElo "2206"]

1.e4 e5 2.Nf3 Nc6 3.Bb5 a6 4.Ba4 Nf6 5.O-O Be7 6.Re1 b5 7.Bb3 d6 8.c3 O-O 9.h3
Nb8 10.d3 Bb7 11.Nbd2 c5 12.Nf1 c4 13.dxc4 Nxe4 14.cxb5 Qb6 15.Qc2 Nc5 16.bxa6
Nbxa6 17.Bc4 e4 18.Nd4 d5 19.Be2 Qg6 20.Bf4 Ne6 21.Nxe6 fxe6 22.Qd2 Rab8
23.Rac1 Bf6 24.Be3 e5 25.Bxa6 Bxa6 26.Bc5 Rf7 27.a4 Bb7 28.Qe2 d4 29.Qg4 Bg5
30.h4 e3 31.fxe3 Bxh4 32.Qxg6 Bf2+ 33.Kh2 hxg6 34.exd4 Rf4 35.g3 Kf7 {#R} 0-1

[Event "Ch PriFO"]
[Site "masterchessopen.com – Toljatti (Russia)"]
[Date "2011.03.12"]
[Round "3"]
[White "Mokshanov Alexey (RUS)"]
[Black "Shukh Nikolai (RUS)"]
[Result "0-1"]
[WhiteElo "2392"]
[BlackElo "2413"]

1.e4 e5 2.Nf3 Nc6 3.Bb5 a6 4.Ba4 Nf6 5.O-O Be7 6.Re1 b5 7.Bb3 d6 8.c3 O-O 9.h3
Nb8 10.d3 Nbd7 11.Nbd2 Bb7 12.Nf1 c6 13.Ng3 Re8 14.Bg5 Nc5 15.Bc2 Ne6 16.Nf5
Nxg5 17.Nxg5 Bf8 18.Qd2 g6 19.Ng3 Bh6 20.h4 Qd7 21.Qe2 d5 22.Rad1 Bg7 23.Nf1
Rad8 24.a4 c5 25.axb5 axb5 26.Ne3 h6 27.Nf3 d4 28.cxd4 exd4 29.Nf1 c4 30.dxc4
Nxe4 31.Qd3 Nc5 32.Qa3 Bxf3 33.Rxe8+ Rxe8 34.gxf3 Ne6 35.Re1 Rc8 36.f4 Nxf4
37.Qf3 Ne6 38.b3 bxc4 39.bxc4 Rxc4 40.Bb3 Rc3 41.Bxe6 Qxe6 42.Rxe6 Rxf3
43.Re8+ Kh7 44.Rd8 Rh3 45.Rd7 f5 {#R} 0-1

[Event "Zt"]
[Site "masterchessopen.com – Gaborone (Botswana)"]
[Date "2011.04.02"]
[Round "2"]
[White "Gwaze Robert (ZIM)"]
[Black "Jere Daniel (ZAM)"]
[Result "1-0"]
[WhiteElo "2428"]
[BlackElo "2267"]

1.e4 e5 2.Nf3 Nc6 3.Bb5 a6 4.Ba4 Nf6 5.O-O Be7 6.Re1 b5 7.Bb3 d6 8.c3 O-O 9.h3
Nb8 10.d3 Nbd7 11.Nbd2 Nc5 12.Bc2 Re8 13.Nf1 Bf8 14.Ng3 g6 15.Bg5 h6 16.Be3
Bb7 17.b4 Ncd7 18.Qd2 Kh7 19.Bb3 d5 20.Rad1 c6 21.Qc2 Qc7 22.h4 c5 23.bxc5
dxe4 24.c6 Bxc6 25.dxe4 Nc5 26.h5 Qb7 27.Nh4 Nxb3 28.hxg6+ fxg6 29.Qxb3 Nxe4
30.Bxh6 Kxh6 31.Qc2 Be7 32.Nxg6 Kxg6 33.Nxe4 Bxe4 34.Rxe4 Kf7 35.Rxe5 Kg7
36.Qf5 Red8 37.Qg4+ Kf7 38.Qe6+ Kg7 39.Qxe7+ Qxe7 40.Rxe7+ Kf6 41.Rdd7 Rxd7
42.Rxd7 Ke6 43.Rb7 Kd5 44.g4 Rc8 45.Rd7+ Kc4 46.Kg2 Kxc3 47.g5 Rg8 48.f4 a5
49.Kg3 a4 50.Kg4 b4 51.Ra7 b3 52.axb3 axb3 53.Rc7+ Kd4 54.Rb7 Kc3 55.f5 Rc8
56.f6 b2 57.f7 {#r} 1-0

[Event "Ch Asian Cities (team)"]
[Site "masterchessopen.com – Jakarta (Indonesia)"]
[Date "2011.04.23"]
[Round "3"]
[White "Novita Anjas (INA)"]
[Black "Wang Rui (CHN)"]
[Result "0-1"]
[WhiteElo "2310"]
[BlackElo "2432"]

1.e4 e5 2.Nf3 Nc6 3.Bb5 a6 4.Ba4 Nf6 5.O-O Be7 6.Re1 b5 7.Bb3 d6 8.c3 O-O 9.h3
Nb8 10.d3 Nbd7 11.Nbd2 Bb7 12.Nf1 Nc5 13.Bc2 Re8 14.Ng3 Bf8 15.Be3 g6 16.Qd2
Bg7 17.Rad1 Qe7 18.b4 Ncd7 19.Bb3 d5 20.Bh6 Bxh6 21.Qxh6 Qf8 22.Qc1 Rad8 23.d4
Nxe4 24.Nxe4 dxe4 25.Ng5 Re7 26.Nxe4 Bxe4 27.Rxe4 Rde8 28.Qg5 Kg7 29.dxe5 Rxe5
30.Rxe5 Nxe5 31.Qe3 Qe7 32.Qe4 f6 33.Qb7 Rd8 34.Rxd8 Qxd8 35.f4 Nd3 36.Qxa6
Nxf4 37.Qc6 Qd2 38.Kh2 Kh6 39.Qf3 g5 40.a4 bxa4 41.Bxa4 Kg7 42.Bb5 h5 43.Bf1
h4 44.b5 Qd6 45.Kg1 Qc5+ 46.Kh1 Kh6 47.c4 Qd4 48.Kh2 Nh5 49.Qf5 Ng3 50.Qf3 Kg7
51.b6 Qxb6 52.Bd3 Qd6 53.Qd5 Qxd5 54.cxd5 f5 55.Kg1 Kf6 56.Kf2 Ke5 57.Bc4 Ne4+
58.Ke3 Nf6 59.Kf3 Nxd5 60.g3 hxg3 61.Kxg3 c5 62.Bb5 Ne3 63.Kf3 Kd4 64.Ba4 Kd3
65.Kg3 c4 66.h4 gxh4+ 67.Kxh4 f4 68.Kh3 Ke2 {#R} 0-1

[Event "Ch World (schools) (under 17)"]
[Site "masterchessopen.com – Krakow (Poland)"]
[Date "2011.04.30"]
[Round "1"]
[White "Parol Pawel (POL)"]
[Black "Igambergenov Alibek (KAZ)"]
[Result "0-1"]
[WhiteElo "1898"]
[BlackElo "2259"]

1.e4 e5 2.Nf3 Nc6 3.Bb5 a6 4.Ba4 Nf6 5.O-O Be7 6.Re1 b5 7.Bb3 d6 8.c3 O-O 9.h3
Nb8 10.d3 Bb7 11.Nbd2 Nbd7 12.Nf1 Nc5 13.Bc2 Re8 14.Ng3 Bf8 15.b4 Ncd7 16.Bb3
g6 17.Ng5 Re7 18.a4 h6 19.Nf3 c5 20.axb5 axb5 21.Rxa8 Qxa8 22.Qc2 Qc8 23.c4
bxc4 24.Ba4 d5 25.Bb5 Nb6 26.Nd2 h5 27.exd5 Bxd5 28.Ba6 Qc6 29.b5 Qa8 30.Ba3
Re6 31.f3 Bh6 32.Bxc5 Nfd7 33.Bf2 Qd8 34.Nde4 Qc7 35.Rd1 f5 36.Nd2 Nc5 37.Ndf1
Nxd3 38.Qe2 Bf8 39.Ne3 Ba8 40.Nh1 e4 41.Nc2 Nf4 42.Qd2 exf3 {#R} 0-1

[Event "It (open)"]
[Site "masterchessopen.com – Metz (France)"]
[Date "2011.05.05"]
[Round "6"]
[White "Dgebuadze Alexandre (BEL)"]
[Black "Jolly Jean-Francois (FRA)"]
[Result "1-0"]
[WhiteElo "2544"]
[BlackElo "2385"]

1.e4 e5 2.Nf3 Nc6 3.Bb5 a6 4.Ba4 Nf6 5.O-O Be7 6.Re1 b5 7.Bb3 d6 8.c3 O-O 9.h3
Nb8 10.d3 Nbd7 11.Nbd2 Bb7 12.Nf1 Nc5 13.Bc2 Re8 14.Ng3 Bf8 15.Be3 g6 16.Qc1
a5 17.Bh6 Qe7 18.d4 Ncd7 19.a4 c6 20.Bd3 b4 21.cxb4 Bxh6 22.Qxh6 axb4 23.Qd2
exd4 24.Nxd4 Ne5 25.Bf1 c5 26.Ndf5 Qf8 27.f4 gxf5 28.fxe5 Nxe4 29.Nxe4 fxe4
30.exd6 Re6 31.Rad1 Qg7 32.Qe3 Qe5 33.d7 Rd8 34.Bc4 Rf6 35.Rd2 Bc6 36.Bb5 Ba8
37.Rc1 Rf5 38.Rdc2 Qf6 39.Rxc5 Qb6 40.Kh1 {#r} 1-0

[Event "Ch France (team) 2011"]
[Site "masterchessopen.com – Mulhouse (France)"]
[Date "2011.05.27"]
[Round "2"]
[White "Hamdouchi Hichem (FRA)"]
[Black "Sanikidze Tornike (GEO)"]
[Result "1-0"]
[WhiteElo "2610"]
[BlackElo "2530"]

1.e4 e5 2.Nf3 Nc6 3.Bb5 a6 4.Ba4 Nf6 5.O-O Be7 6.Re1 b5 7.Bb3 d6 8.c3 O-O 9.h3
Nb8 10.d3 Bb7 11.Nbd2 Re8 12.Nf1 Bf8 13.N3h2 Nbd7 14.Qf3 Nc5 15.Bc2 Ne6 16.a4
d5 17.Ng3 g6 18.axb5 axb5 19.Rxa8 Bxa8 20.Bb3 Bg7 21.Ng4 Nxg4 22.hxg4 d4
23.Bd2 Qd7 24.Ra1 Nc5 25.Bd5 c6 26.cxd4 exd4 27.Ba2 Bb7 28.b4 Na4 29.Bb3 c5
30.Rc1 Bf8 31.bxc5 Nxc5 32.Ba2 Ra8 33.Bd5 Ra3 34.Bb4 Rxd3 35.Qf4 Bxd5 36.exd5
Qxd5 37.Rxc5 Rd1+ 38.Kh2 Bxc5 39.Ne4 Qd8 40.Nf6+ Kg7 41.Bxc5 d3 42.Qe5 Qxf6
43.Bf8+ Kxf8 44.Qxf6 d2 45.Qh8+ Ke7 46.Qe5+ {#r} 1-0

[Event "Ch Bosnia & Herzegovina (team)"]
[Site "masterchessopen.com – Neum (Bosnia & Herzegovina)"]
[Date "2011.06.07"]
[Round "4"]
[White "Brkic Ante (CRO)"]
[Black "Ragger Markus (AUT)"]
[Result "1-0"]
[WhiteElo "2606"]
[BlackElo "2655"]

1.e4 e5 2.Nf3 Nc6 3.Bb5 a6 4.Ba4 Nf6 5.O-O Be7 6.Re1 b5 7.Bb3 d6 8.c3 O-O 9.h3
Nb8 10.d3 Nbd7 11.Nbd2 Nc5 12.Bc2 Ne6 13.d4 Nd7 14.d5 Ng5 15.Nh2 f5 16.exf5
Nb6 17.Ndf1 Nf7 18.Ng4 Bg5 19.Ng3 Bb7 20.Bxg5 Qxg5 21.Ne3 Rad8 22.a4 bxa4
23.Bxa4 Nh6 24.Bc2 Kh8 25.c4 Rb8 26.b4 Nc8 27.c5 dxc5 28.bxc5 Ne7 29.Ne4 {#r}
1-0

[Event "Ch Turkey (team)"]
[Site "masterchessopen.com – Konya (Turkey)"]
[Date "2011.06.29"]
[Round "2"]
[White "Arat Uf"]
[Black "Yargici Mazhar Kutay (TUR)"]
[Result "0-1"]
[WhiteElo "2053"]
[BlackElo "1921"]

1.e4 e5 2.Nf3 Nc6 3.Bb5 a6 4.Ba4 Nf6 5.O-O Be7 6.Re1 b5 7.Bb3 O-O 8.h3 d6 9.c3
Nb8 10.d3 Bb7 11.Nbd2 Nbd7 12.Nf1 h6 13.Ng3 Re8 14.Nf5 Bf8 15.g4 Nc5 16.g5
hxg5 17.Bxg5 Nxb3 18.Qxb3 Bc8 19.N3h4 Be6 20.Qd1 g6 21.Kh2 gxf5 22.Rg1 Kh7
23.exf5 Bd5 24.Ng2 Bh6 25.h4 Rh8 26.Ne3 Bc6 27.Rg3 Qe7 28.Qe2 Rag8 29.Kg1 Rg7
30.Kf1 Kg8 31.Rg1 Kf8 32.Ke1 Bxg5 33.hxg5 Rhg8 34.g6 fxg6 35.Kd2 Qd7 36.Rg5
Nh7 37.Rxg6 Rxg6 38.fxg6 Rxg6 39.d4 Be4 40.f3 Bf5 41.Rh1 Ng5 42.Kc1 exd4
43.cxd4 Be6 44.d5 Bg8 45.f4 Ne4 46.Qd3 Qe8 47.Qc2 Ng3 48.Re1 Bxd5 49.Qc3 Be4
50.Qh8+ Kf7 51.Qh4 Qc6+ 52.Kd2 Qc5 {#R} 0-1

[Event "Ch World (juniors) (under 20)"]
[Site "masterchessopen.com – Chennai (India)"]
[Date "2011.08.06"]
[Round "5"]
[White "Ter Sahakyan Samvel (ARM)"]
[Black "Urkedal Frode (NOR)"]
[Result "1-0"]
[WhiteElo "2566"]
[BlackElo "2447"]

1.e4 e5 2.Nf3 Nc6 3.Bb5 a6 4.Ba4 Nf6 5.O-O Be7 6.Re1 b5 7.Bb3 d6 8.c3 O-O 9.h3
Nb8 10.d3 Bb7 11.Nbd2 Nbd7 12.Nf1 Nc5 13.Bc2 Re8 14.Ng3 Bf8 15.b4 Ncd7 16.d4
a5 17.Bd3 axb4 18.cxb4 d5 19.exd5 Bxd5 20.Nxe5 Bxb4 21.Bd2 Bxd2 22.Qxd2 c6
23.Nf5 g6 24.Qg5 Nxe5 25.dxe5 Nd7 26.Qg3 Rxa2 27.Rxa2 Bxa2 28.Nd6 Re7 29.f4
Bd5 30.h4 Nf8 31.h5 Ra7 32.f5 Ra2 33.Be4 Bxe4 34.Rxe4 Qb6+ 35.Kh2 Ra1 36.Re3
Qd4 37.Ne4 Qd1 38.Nf6+ Kh8 39.Qf2 Qh1+ 40.Kg3 Rf1 41.Qb2 g5 42.Re4 Rb1 43.Qa2
Rc1 44.Qd2 h6 45.e6 fxe6 46.Qb2 Rb1 47.Qe5 Kg7 48.fxe6 Rb3+ 49.Kf2 Nxe6
50.Ne8+ Kh7 51.Qf5+ Kh8 52.Qf6+ Kh7 53.Qg6+ {#r} 1-0

[Event "Universiade (w)"]
[Site "masterchessopen.com – Shenzhen (China)"]
[Date "2011.08.19"]
[Round "8"]
[White "Hairapetian Anna (ARM)"]
[Black "Yanjindulam Dulamsuren (MGL)"]
[Result "1-0"]
[WhiteElo "2187"]
[BlackElo "2205"]

1.e4 e5 2.Nf3 Nc6 3.Bb5 a6 4.Ba4 Nf6 5.O-O Be7 6.Re1 b5 7.Bb3 d6 8.c3 O-O 9.h3
Nb8 10.d3 Bb7 11.Nbd2 Nbd7 12.Nf1 Re8 13.Ne3 g6 14.Ng5 Rf8 15.Ng4 Nxg4 16.Qxg4
Nf6 17.Qh4 Qd7 18.Qh6 d5 19.d4 Rfe8 20.dxe5 Bf8 21.Qh4 Rxe5 22.Bf4 Rxg5
23.Bxg5 Nxe4 24.Rad1 Qf5 25.Be3 Nc5 26.Qf4 Qxf4 27.Bxf4 c6 28.Bg5 Ne4 29.Rxe4
dxe4 30.Rd7 Bc8 31.Rxf7 c5 32.Ra7+ {#r} 1-0

[Event "It (open)"]
[Site "masterchessopen.com – Kuala Lumpur (Malaysia)"]
[Date "2011.08.22"]
[Round "6"]
[White "Ikeda Junta (AUS)"]
[Black "Shinoda Taro (JPN)"]
[Result "1-0"]
[WhiteElo "2349"]
[BlackElo "1897"]

1.e4 e5 2.Nf3 Nc6 3.Bb5 a6 4.Ba4 Nf6 5.O-O Be7 6.Re1 b5 7.Bb3 d6 8.c3 O-O 9.h3
Nb8 10.d3 Bb7 11.Nbd2 Nbd7 12.Nf1 c5 13.Bc2 Re8 14.a4 Bf8 15.g4 g6 16.Ng3 Re7
17.Nh2 Bg7 18.f4 exf4 19.Bxf4 Ne5 20.d4 Nc6 21.axb5 axb5 22.Rxa8 Bxa8 23.dxc5
dxc5 24.Qxd8+ Nxd8 25.Bd6 Rd7 26.Bxc5 Rd2 27.Rc1 Bh6 28.Nf3 Rd7 29.g5 Ne6
30.Be3 {#r} 1-0

[Event "It (open)"]
[Site "masterchessopen.com – Kuala Lumpur (Malaysia)"]
[Date "2011.08.22"]
[Round "6"]
[White "Zhang Xiaowen (CHN)"]
[Black "Tan Justin (AUS)"]
[Result "1-0"]
[WhiteElo "2389"]
[BlackElo "2161"]

1.e4 e5 2.Nf3 Nc6 3.Bb5 a6 4.Ba4 Nf6 5.O-O Be7 6.Re1 b5 7.Bb3 d6 8.c3 O-O 9.h3
Nb8 10.d3 Nbd7 11.Nbd2 c5 12.Nf1 Bb7 13.Ng3 Rc8 14.Bc2 g6 15.Nh2 Ne8 16.Bh6
Ng7 17.Qd2 Re8 18.Bd1 Ne6 19.Bg4 Ndf8 20.Nhf1 Rb8 21.a4 b4 22.Ne3 Bg5 23.Bxg5
Qxg5 24.cxb4 cxb4 25.Qxb4 Nf4 26.Qxd6 Red8 27.Qc7 h5 28.h4 Qf6 29.Bf3 N8e6
30.Qa5 Nd4 31.Bd1 Nxd3 32.Rf1 Qxh4 33.Ra3 Ne6 34.Be2 Ndc5 35.b4 Nxe4 36.Qxe5
Nd2 37.Rd1 Nf4 38.Rxd2 Re8 39.Qc7 Qg5 40.Bc4 Qf6 41.Rd6 Qg7 42.Rd7 {#r} 1-0

[Event "US Chess League"]
[Site "masterchessopen.com – Internet"]
[Date "2011.09.12"]
[Round "3"]
[White "Shankland S"]
[Black "Kaufman Larry C (USA)"]
[Result "1-0"]
[WhiteElo "2553"]
[BlackElo "2406"]

1.e4 e5 2.Nf3 Nc6 3.Bb5 a6 4.Ba4 Nf6 5.O-O Be7 6.Re1 b5 7.Bb3 d6 8.c3 O-O 9.h3
Nb8 10.d3 Nbd7 11.Nbd2 Bb7 12.Nf1 Nc5 13.Bc2 Re8 14.Ng3 Bf8 15.Nh2 d5 16.Qf3
Ne6 17.Nf5 Qd7 18.Qg3 dxe4 19.dxe4 Rad8 20.Nf3 Nf4 21.Bxf4 Nh5 22.Qg5 Nxf4
23.Rad1 Ne6 24.Nh6+ Kh8 25.Rxd7 Nxg5 26.Rxd8 Rxd8 27.Nxg5 {#r} 1-0